Príprava biopalív transesterifikáciou olejov na heterogénnych katalyzátoroch

Saved in:
Bibliographic Details
Main Author: Mališová, Miroslava (Author)
Other Authors: Hudec, Pavol (Thesis advisor)
Format: Manuscript Book
Language:Slovak
Published: 2023
Subjects:
Online Access:http://is.stuba.sk/zp/portal_zp.pl?podrobnosti=172523
Tags: Add Tag
No Tags, Be the first to tag this record!

MARC

LEADER 00000ntm a22000003a 4500
001 stuzp87091
003 SK-STU
005 20230513210213.1
007 ta
008 150427s2015----xo-----f-mn---000-0-slo-d
040 |a STU  |b slo 
041 0 |a slo 
100 1 |a Mališová, Miroslava  |u 048130  |k Z3  |4 aut  |U FCHPT Ústav organickej chémie, katalýzy a petrochémie  |T FCHPT Oddelenie organickej technológie, katalýzy a ropy  |X 64255  |U C8130  |Y 123  |7 64255 
242 0 1 |a Biodiesel preparation by transesterification of vegetable oils over heterogeneous catalysts  |y eng 
245 1 0 |a Príprava biopalív transesterifikáciou olejov na heterogénnych katalyzátoroch 
260 |c 2023 
650 4 |a catalysts  |2 eng 
650 4 |a biodiesel  |2 eng 
650 4 |a transesterification  |2 eng 
650 4 |a hydrotalcites  |2 eng 
650 4 |a mixed oxides  |2 eng 
650 4 |a katalyzátor  |2 slo 
650 4 |a transesterifikácia  |2 slo 
650 4 |a hydrotalkity  |2 slo 
650 4 |a bionafta  |2 slo 
650 4 |a zmesné oxidy  |2 slo 
700 1 |a Hudec, Pavol  |u 048170  |k Z1  |4 ths  |U FCHPT Ústav organickej chémie, katalýzy a petrochémie  |T FCHPT Oddelenie technológie ropy a petrochémie  |X 3310  |U C8170  |Y 125  |7 A000003310 
856 4 |u http://is.stuba.sk/zp/portal_zp.pl?podrobnosti=172523